| 000 | 00551cam a22001571 4500 | ||
|---|---|---|---|
| 082 |
_a665.53815 _bEVA _cL-17, P-1 |
||
| 100 | 1 |
_aEvans, Elliott A. _944830 |
|
| 245 | 1 | 0 |
_aLubricating and allied oils, _cby Elliott A. Evans. Foreword by the late Viscount Wakefield of Hythe. |
| 250 | _a3d ed., rev. | ||
| 260 |
_aLondon, _bChapman & Hall, _c1945. |
||
| 300 |
_aix, 210 p. _billus., plates. _c22 cm. |
||
| 500 | _a"First published, 1921." | ||
| 526 |
_a0 _b0 _c0 _d665_538150000000000_EVA |
||
| 650 | 0 |
_aLubrication and lubricants. _941091 |
|
| 942 |
_2ddc _cBK |
||
| 999 |
_c548498 _d548498 |
||